Flags of the Spanish autonomous communities - Sudden Death - Statistics

General Stats
  • This quiz has been taken 128 times
  • The average score is 5 of 17
Answers on the Grid
Answers color-coded by a green-red scale on the quiz's grid according to % correct below.
Trulli
Trulli
Trulli
Trulli
Trulli
Trulli
Trulli
Trulli
Trulli
Trulli
Trulli
Trulli
Trulli
Trulli
Trulli
Trulli
Trulli
Trulli
Trulli
Trulli
Trulli
Trulli
Trulli
Trulli
Trulli
Trulli
Trulli
Trulli
Trulli
Trulli
Trulli
Trulli
Trulli
Trulli
Trulli
Trulli
Trulli
Trulli
Trulli
Trulli
 
Answer Stats
Answer % Correct
Trulli
51%
Trulli
49%
Trulli
39%
Trulli
39%
Trulli
37%
Trulli
31%
Trulli
27%
Trulli
24%
Trulli
22%
Trulli
21%
Trulli
19%
Trulli
18%
Trulli
16%
Trulli
15%
Trulli
15%
Trulli
13%
Trulli
13%
No matching quizzes found
Score Distribution
Percent of People with Each Score
Percentile by Number Answered
Your Score History
You have not taken this quiz